00698nam a2200229 a 4500001001300000003000900013005001700022008004100039020001000080082001800090100001700108245005600125260004500181300000900226500003500235505001000270650003900280902000800319942000700327952011900334999001500453nice12345678IN_TiNIC20260116012556.0050524s1988 muma grp 000 0 eng  ac10000a291.172bSIN2 aSingh, Karan aHumanity at the Crossroadb Inter-Cultural Dialogue aMumbai bOxford University Presss c1988 a132p aincludes index and biblioraphy2 aIndex aInterfaith Dialogue-Hindu Buddhist bSRS cBK 001040708StackRoom-aHMIbHMId2007-07-18g100.00l0o291.172 SIN2p013211r2007-07-18v100.00w2005-05-24yBK c7515d7515